书目信息 |
| 题名: |
教育学
|
|
| 作者: | ;上海师范大学 编 | |
| 分册: | 下册 | |
| 出版信息: | 北京 人民教育出版社 1979 |
|
| 页数: | 240页 | |
| 开本: | 19cm | |
| 丛书名: | ||
| 单 册: | ||
| 中图分类: | G40 | |
| 科图分类: | ||
| 主题词: | 教育学 | |
| 电子资源: | ||
| ISBN: | ||
| 000 | 00597nam0 2200229 45 | |
| 001 | 0179005132 | |
| 005 | 20040429084748.2 | |
| 010 | @dCNY0.53 | |
| 091 | @a7012.065 | |
| 100 | @a19950716d1979 em y0chiy0121 ea | |
| 101 | 0 | @achi |
| 102 | @aCN@b110000 | |
| 105 | @ay z 000yy | |
| 106 | @ar | |
| 200 | 10 | @a教育学@h下册@Ajiao yu jue@f上海师范大学《教育学》编写组编 |
| 210 | @a北京@c人民教育出版社@d1979 | |
| 215 | @a240页@d19cm | |
| 606 | @a教育学 | |
| 690 | @aG40@v3 | |
| 711 | 02 | @a上海师范大学@Ashang hai shi fan da xue@4编 |
| 801 | 0 | @aCN@bNLC@c20040429 |
| 905 | @f1@b200241@dG40@e100:2 | |
| 教育学.下册/上海师范大学《教育学》编写组编.-北京:人民教育出版社,1979 |
| 240页;19cm |
| ISBN :CNY0.53 |
| ● |
| 相关链接 |
|
|
|
|
正题名:教育学
索取号:G40/100:2
 
预约/预借
| 序号 | 登录号 | 条形码 | 馆藏地/架位号 | 状态 | 备注 |
| 1 | 0200241 | 000285024 | 密集书库/ [索取号:G40/100:2] | 在馆 | |
| 2 | 0200242 | 000285015 | 第一样本阅览室/ [索取号:G40/100:2] | 在馆 |